| 000 | 00817cam a2200253 a 4500 | ||
|---|---|---|---|
| 001 | 2616773 | ||
| 005 | 20180308035937.0 | ||
| 008 | 980722s1999 paua b 001 0 eng c | ||
| 010 | _a 98038331 | ||
| 020 | _a0721675573 | ||
| 040 |
_aDNLM/DLC _cDLC _dDLC |
||
| 041 | _aeng | ||
| 060 | 1 | 0 |
_a610.7362 _bT478 1999 |
| 080 | _a610.7362 | ||
| 082 | 0 | 0 |
_a610.7362 THO _221 |
| 100 | 1 | _a2 | |
| 101 | _aINF | ||
| 245 | 1 | 0 |
_aThompson's introduction to maternity and pediatric nursing / _cGloria Leifer. |
| 246 | 3 | 0 | _aIntroduction to maternity and pediatric nursing |
| 504 | _aIncludes bibliographical references and index. | ||
| 906 |
_a7 _bcbc _corignew _d1 _eocip _f19 _gy-gencatlg |
||
| 942 |
_2ddc _cBK |
||
| 999 |
_c44404 _d44404 |
||